000 00644nam a2200229 i 4500
001 C2-0237095
003 PPAK
005 20210520081927.0
008 011115s xx |||| ||||| | may d
040 _aPPAK
_beng
_cPPAK
_erda
082 0 4 _a320.973
_223
090 0 0 _a320.973
_bABD
_dKIH
100 0 _aAbdullah Khir,
_eauthor
245 1 0 _aMampukah teori konsprasi menutup dosa?
264 1 _a[Kuala Lumpur] :
_bAbdullah Khir ,
_c[1998].
300 _a64 pages ;
_c21 cm
336 _2rdacontent
_atext
337 _2rdamedia
_aunmediated
338 _2rdacarrier
_avolume
650 1 0 _aMalaysia
_xPolitics and Government
942 _cB
_2ddc
999 _c52796
_d52796